[Event "Women's World Team Championship"]
[Site "Mardin/Turkey"]
[Date "2011.12.25"]
[Round "7"]
[White "Khotenashvili"]
[Black "Zhao"]
[Result "0-1"]
[WhiteElo "2497"]
[BlackElo "2541"]
[PlyCount "74"]
[EventDate "2011.??.??"]
[WhiteTeam "GEO"]
[BlackTeam "CHN"]

1. d4 Nf6 2. c4 e6 3. Nf3 d5 4. g3 Be7 5. Bg2 O-O 6. O-O dxc4 7. a4 a6 8. Qc2
Bd7 9. Qxc4 Bc6 10. Bf4 Bd6 {Zhao is the first to break from routine, which
would be 10...a5 or 10...Nbd7, and chooses a lesser played line.} 11. Nc3 Bxf4
12. gxf4 a5 13. Rad1 (13. Rfd1 Na6 14. e3 Nb4 15. Ne5 Bxg2 16. Kxg2 Nbd5 17.
Rac1 c6 18. Qb3 Ra6 19. Nxd5 Qxd5+ 20. Qxd5 exd5 21. Rb1 Ne4 22. Nd7 Re8 23.
Nc5 Nxc5 24. dxc5 Re4 25. b3 Kf8 26. Rd3 {1/2-1/2 (41) Yrjola,J (2515)-Ubilava,
E (2475) Sochi 1984}) 13... Na6 14. Ne5 Bxg2 15. Kxg2 Nb4 16. e3 Nfd5 17. Ne4
f6 18. Nf3 Qe8 19. b3 {Although this move looks natural enough to protect the
a4-pawn, White needed to play Qb3. The reason is Black's next reply} Ra6 $1 {
This rook lift is extremely strong and now the Georgian GM is in serious
trouble.} 20. Rd2 Rc6 $1 21. Qb5 b6 22. Rg1 {As if Khotenashvili didn't have
enough problems, Zhao is in great form and finds the move that highlights
everything that is wrong with White's position.} Qa8 $3 {In spite of the
presence of no fewer than four pieces on the a8-h1 diagonal between the black
queen and the white king, the x-ray attack is decisive.} 23. Qe2 f5 {Make way
for her majesty the queen!} 24. Ng3 Rc3 25. Rb1 ({The engines suggest} 25. h3 {
to give the king a place to flee to, but this does not solve White's problems.}
Rf6 26. Kh2 Nxf4 $1 27. Qd1 (27. exf4 Qxf3 {and White's pawns are doomed.})
27... Nxh3 28. Kxh3 {and Black has a magnificent finish with} Rc1 $3 29. Qxc1
Qxf3 {with Rh6 and mate.}) 25... g5 {There are no good replies anymore, but
Zhao finishes off her opponent in style.} 26. fxg5 (26. Nxg5 $2 Nxe3+ 27. Kh3
Qg2+ 28. Kh4 Qxh2+ {etc.}) 26... f4 27. e4 fxg3 28. hxg3 Rcxf3 29. Qxf3 Rxf3
30. Kxf3 Qc6 31. exd5 Qxd5+ 32. Ke3 c5 33. f3 Qxg5+ 34. Ke2 Nd5 35. Rd3 Qxg3
36. Kd2 Qf2+ 37. Kc1 Nb4 0-1